Kluby w polskiej I lidze w sezonie 2024/25 - Statystyki

Ogólne statystyki
  • Ten quiz został rozwiązany 306 razy
    291 od ostatniego zresetowania
  • Średni wynik to 13 z 18
Statystyki odpowiedzi
Klub % Poprawnych
Wisła Kraków
94%
Wisła Płock
94%
Arka Gdynia
88%
Polonia Warszawa
78%
Stal Rzeszów
77%
Stal Stalowa Wola
77%
Ruch Chorzów
76%
ŁKS Łódź
75%
Bruk-Bet Termalica Nieciecza
74%
Warta Poznań
73%
Miedź Legnica
66%
Kotwica Kołobrzeg
62%
Odra Opole
59%
Chrobry Głogów
58%
GKS Tychy
58%
Górnik Łęczna
58%
Pogoń Siedlce
54%
Znicz Pruszków
54%
Nie znaleziono quizów pasujących do podanych kryteriów
Rozkład punktacji
Procent ludzi z każdym wynikiem
Percentyl według liczby udzielonych odpowiedzi
Twoja historia wyników
Nie rozwiązałeś tego quizu od ostatniego zresetowania